| Поле | Название | Значение |
| |
Тип записи |
i |
| |
Библиографический уровень |
m |
| 001 |
Контрольный номер |
RU/IS/BASE/413033034 |
| 005 |
Дата корректировки |
20240410121222.3 |
| 010 |
Индекс ISBN |
__ |
| a |
ISBN |
978-5-9677-1723-9 |
| d |
Цена |
184-67 |
| 101 |
Язык документа |
0_ |
| a |
Язык текста |
rus |
| 200 |
Заглавие и сведения об ответственности |
1_ |
| a |
Заглавие |
Голубятня на желтой поляне |
| e |
Сведения, относящиеся к заглавию |
роман-трилогия : [аудиокнига] |
| f |
Первые сведения об ответственности |
Владислав Крапивин |
| b |
Общее обозначение материала |
Звукозапись |
| 210 |
Выходные данные |
__ |
| a |
Место издания |
М. |
| c |
Издательство |
1С-Паблишинг |
| d |
Дата издания |
2012 |
| 215 |
Физическое описание |
__ |
| a |
Объем |
1 электрон. опт. диск (Audio CD) (17 ч. 16 мин.) |
| 225 |
Серия |
__ |
| a |
Серия |
1С: Аудиокниги |
| 300 |
Общие примечания |
__ |
| a |
Общие примечания |
MS Windows ; Pentium 100 ; RAM 16 Mb ; монитор SVGA, 800х600 ; устройство чтения CD/DVD-ROM ; звуковая карта ; колонки ; наушники ; мышь ; AudioCD формата mp3 ; 112 Kbps ; 16 bit ; 48.0 kHz ; stereo |
| 330 |
Аннотация |
__ |
| a |
Аннотация |
Вниманию слушателей предлагается аудиозапись романа-трилогии Владислава Крапивина "Голубятня на жёлтой поляне" (1982-1983). Добрая, увлекательная, проникновенная книга повествует о судьбе разведчика Дальнего космоса Ярослава Родина и его друзей, которые вступили в борьбу с цивилизацией паразитов - "Тех, которые велят". Великая сила человеческих привязанностей помогает им преодолевать межгалактические расстояния, безжалостное время и поселившееся в мире зло. Книга написана с верой в то, что добро всегда побеждает и что самое лучшее - впереди. И эта вера автора очень заразительна. |
| 333 |
Примечание о целевом назначении |
__ |
| a |
Примечание о целевом назначении |
6+. Для детей старше шести лет |
| 606 |
Тематические рубрики |
__ |
| a |
Основная рубрика |
Художественная литература |
| 606 |
Тематические рубрики |
__ |
| a |
Основная рубрика |
Русская литература XX в. (произведения) |
| 610 |
Ключевые слова |
__ |
| a |
Ключевые слова |
романы; фантастическая литература; фантастическая проза; фантастические произведения; фантастические романы; тема фантастики; тема приключений; тема детства; тема дружбы; трилогии; тема времени; детская литература |
| 686 |
Индексы других классификаций |
__ |
| a |
Классификационный индекс |
ст84(2Рос=Рус)6-445я0 |
| 700 |
Автор |
_1 |
| a |
Фамилия |
Крапивин |
| b |
Имя |
В. П. |
| f |
Даты |
1938- |
| g |
Полное личное имя |
Владислав Петрович |
| 4 |
Код отношения |
070 |
| 801 |
Источник записи |
_0 |
| a |
Страна |
RU |
| b |
Организация |
Муниципальное бюджетное учреждение культуры "Централизованная библиотечная система" г. Сургут (Центральная городская библиотека им. А. С. Пушкина) |
| g |
Правила каталогизации |
КиК/Апакова |
| 801 |
Источник записи |
_1 |
| a |
Страна |
RU |
| b |
Организация |
Муниципальное бюджетное учреждение культуры "Централизованная библиотечная система" г. Сургут (Центральная городская библиотека им. А. С. Пушкина) |
| g |
Правила каталогизации |
КиК/Апакова |
| 852 |
Данные о местонахождении |
__ |
| j |
Шифр хранения |
ст84(2Рос=Рус)6-445я0 |
| i |
Авторский знак |
К 77 |
| 901 |
Тип документа |
__ |
| t |
Тип документа |
0 |
| 903 |
Характеристики (МАРС) |
__ |
| a |
Дата передачи |
20130201 |
| 969 |
Тип издания |
__ |
| a |
Тип издания |
аудиокнига; издание для слепых |
| 990 |
Данные о заказе (DOS) |
__ |
| j |
Количество экземпляров (DOS) |
7 |
| h |
N записи в КСУ для Б/У (DOS) |
201302 |